01156nam a22002891a 450000500170000000800410001702000180005804000250007604100080010104400070010908200170011610000240013324501200015726000480027730000640032550000390038950400420042850502020047065000200067265000160069265000200070865000190072870000300074770000280077770000320080570000290083720150813150741.0150520b2014 ck r 000 0dspa d a9789587401905 aCO-BoIAVHcCO-BoIAVH0 aspa ack 4a633.62bB51s1 aBernal R., Jaime H.10aSorgo forrajero Corpoica JJT-18: bboletín técnico / cJaime H. Bernal R., Álvaro Rincón Castillo...[et al]3 bCorpoica.aVillavicencio (Colombia):c2014. a60 p.bilustraciones, tablas, fotografías, color.c24 cm. aIncluye lista de tablas y figuras. aIncluye referencias bibliográficas. aRecomendaciones de manejo de sorgo forrajero Corpoica JJT-18. Manejo y control de insectos plaga del sorgo forrajero. Utilización del sorgo forrajero Corpoica JJT-18 en alimentación de bovinos. 6aSorgosxBovinos 6aSorgosxUso 6aSorgosxSiembra 6aSorgosxManejo1 aRincón Castillo, Alvaro1 aGuevara A., Elsa Judith1 aHernández S., Ruby Stella1 aFlórez Díaz Hernando